Movimientos migratorios : historiografía y problemas /

Saved in:
Bibliographic Details
Main Author: Devoto, Fernando, 1949-
Format: Book
Language:Spanish
Published: Buenos Aires, Argentina : Centro Editor de América Latina, c1992.
Series:Los fundamentos de las ciencias del hombre ; 38.
Subjects:
Tags: Add Tag
No Tags, Be the first to tag this record!
LEADER 01254cam a2200289Ia 4500
001 005471850-3
005 20020606163548.3
008 950301s1992 ag a b 000 0 spa d
020 |a 9502520629 
035 0 |a ocm32065726 
040 |a IND  |c IND  |d HLS 
043 |a s-ag---  |a e------ 
050 1 4 |a JV7442  |b .D48 1992 
090 |a JV7442  |b .D48 1992 
100 1 |a Devoto, Fernando,  |d 1949- 
245 1 0 |a Movimientos migratorios :  |b historiografía y problemas /  |c Fernando J. Devoto. 
260 |a Buenos Aires, Argentina :  |b Centro Editor de América Latina,  |c c1992. 
300 |a 117 p. :  |b ill. ;  |c 19 cm. 
490 1 |a Los fundamentos de las ciencias del hombre ;  |v 38 
504 |a Includes bibliographical references. 
651 0 |a Argentina  |x Emigration and immigration. 
651 0 |a Europe  |x Emigration and immigration. 
776 0 8 |i Online version:  |a Devoto, Fernando, 1949-  |t Movimientos migratorios.  |d Buenos Aires, Argentina : Centro Editor de América Latina, ©1992  |w (OCoLC)604542766 
776 0 8 |i Online version:  |a Devoto, Fernando, 1949-  |t Movimientos migratorios.  |d Buenos Aires, Argentina : Centro Editor de América Latina, ©1992  |w (OCoLC)607822135 
830 4 |a Los fundamentos de las ciencias del hombre ;  |v 38. 
988 |a 20020608 
906 |0 OCLC